Ultimate Texting Abbreviations - Statistics

General Stats
  • This quiz has been taken 41 times
    40 since last reset
  • The average score is 167 of 200
Answer Stats
Hint Answer % Correct
BRB back
97%
BRB | TBD | TBH be
97%
IDC | IDK | IG | +4 others i
97%
LOL laugh
97%
LOL loud
97%
IJBOL | LOL out
97%
BRB | IKR | RN right
97%
BTW by
94%
IDC | IDK don't
94%
AF | STFU | WTF f
94%
IMHO | IMO | IRL in
94%
FYI | TMI information
94%
IDK | IKR | IYKYK | +2 others know
94%
HMU | LMK me
94%
ILYSM | TMI | TYSM much
94%
ILYSM | TYSM so
94%
ATM | BTW | FTW | +4 others the
94%
ISTG | TBD | TBH | TTYL to
94%
BTW | OMW way
94%
HBU | HRU | ILYSM | +7 others you
94%
AF | AKA | ASAP as
90%
ATM | ATP | WYA at
90%
IDC care
90%
FR | FS | FTW | +2 others for
90%
IJBOL | LMAO | ROTFL laughing
90%
NVM mind
90%
IMHO | IMO | LMAO | +5 others my
90%
NVM never
90%
NBD | NP no
90%
NGL | NSFW not
90%
LOML | OFC | POV of
90%
OMW | ROTFL on
90%
HMU | STFU up
90%
WTF | WTH | WYD | WYLL what
90%
FYI your
90%
AKA also
87%
BC because
87%
GG | GM | GN good
87%
IJBOL | JK just
87%
JK kidding
87%
IRL | LOML life
87%
ILYSM | LOML love
87%
LMAO off
87%
ATP | POV point
87%
FR | IRL real
87%
STFU shut
87%
ABT | HBU about
84%
LMAO ass
84%
ROTFL floor
84%
ISTG | OMG god
84%
NGL gonna
84%
WTH hell
84%
HBU | HRU how
84%
AKA known
84%
LMK let
84%
NGL lie
84%
RN now
84%
OMG | OML oh
84%
NP problem
84%
ROTFL rolling
84%
ASAP soon
84%
POV view
84%
HRU | WYD are
81%
GG game
81%
TBH honest
81%
ATM moment
81%
GM morning
81%
GN night
81%
ASAP possible
81%
TMRW tomorrow
81%
TMI too
81%
FTW win
81%
FWB | W with
81%
OFC course
77%
SMH head
77%
IYKYK if
77%
ISTG swear
77%
TYSM thank
77%
WYD doing
74%
NSFW safe
74%
SMH shaking
74%
IG guess
71%
HMU hit
71%
OML lord
71%
TN tonight
71%
WYA where
71%
NSFW work
71%
TTYL later
68%
IMHO | IMO opinion
68%
TTYL talk
68%
ATP this
68%
W/O without
68%
TBD determined
65%
FS sure
65%
IJBOL burst
61%
WBK we
61%
HBD birthday
58%
HBD happy
58%
IMHO humble
55%
YW welcome
55%
YW you're
55%
WYLL like
52%
WYLL look
52%
FWB friends
42%
FWB benefits
39%
BAE before
35%
RT retweet
35%
BAE anyone
32%
BAE else
32%
NBD big
29%
NBD deal
29%
WBK knew
29%
WBK been
26%
No matching quizzes found
Score Distribution
Percent of People with Each Score
Percentile by Number Answered
Your Score History
You have not taken this quiz since the last reset